| 000 | 00542nam a2200181Ia 4500 | ||
|---|---|---|---|
| 999 |
_c32611 _d32611 |
||
| 003 | OSt | ||
| 005 | 20201014114024.0 | ||
| 008 | 190216s9999||||xx |||||||||||||| ||und|| | ||
| 020 | _a9788178796574 | ||
| 040 | _coclc | ||
| 082 |
_a613.2088796 _bHUS/H |
||
| 100 |
_aHussain, Tahir P _95630 |
||
| 245 | 0 |
_aHandbook Of Sports Nutrition / _cTahir P Hussain |
|
| 260 |
_bSports Publication, _c2011. _aNew Delhi: |
||
| 300 | _a316p | ||
| 650 | _aSports And Games | ||
| 942 |
_cBK _2ddc _h613.2088796 _iHUS/H _k613.2088796 _mHUS/H |
||